[Event "FRA-chT2 South 0607"]
[Site "France"]
[Date "2006.10.15"]
[Round "1.5"]
[White "Luminais, Eric"]
[Black "Chaplin, Erik"]
[Result "1-0"]
[WhiteElo "2204"]
[BlackElo "2139"]
[PlyCount "85"]
[EventDate "2006.10.15"]
[EventType "team"]
[EventRounds "11"]
[EventCountry "FRA"]
[SourceTitle "EXT 2008"]
[Source "ChessBase"]
[SourceDate "2007.11.25"]
[SourceVersion "1"]
[SourceVersionDate "2007.11.25"]
[SourceQuality "1"]
[WhiteTeam "Toulouse"]
[BlackTeam "Saint Affrique"]
[WhiteTeamCountry "FRA"]
[BlackTeamCountry "FRA"]

1. e4 d5 2. exd5 Nf6 3. Bb5+ Nbd7 4. Nc3 a6 5. Be2 Nb6 6. d4 Nbxd5 7. Nxd5 Qxd5 8. Nf3 Bg4 9. h3 Bh5 10. c4 Qd6 11. 0-0 e6 12. Qb3 Qb4 13. Qxb4 Bxb4 14. g4 Bg6 15. Be3 Bd6 16. g5 Nd7 17. Nd2 c5 18. Bf3 0-0-0 19. d5 Ne5 20. Bg2 Nd3 21. Ne4 Be5 22. Nxc5 Nxc5 23. Bxc5 Bxb2 24. Rab1 Bxb1 25. Rxb1 Be5 26. dxe6 fxe6 27. Bxb7+ Kd7 28. Bxa6 Kc6 29. Be7 Rd2 30. Bb5+ Kc7 31. Re1 Bd4 32. Rxe6 Rxf2 33. Bd6+ Kb7 34. Re7+ Kb6 35. Bc7+ Kc5 36. Kh1 Rhf8 37. Rd7 Rf1+ 38. Kh2 R1f2+ 39. Kg3 R2f3+ 40. Kg4 R8f7 41. Rd5+ Kb4 42. Rxd4 Kc3 43. Be5 1-0

[Event "Paris Department-ch"]
[Site "Paris"]
[Date "2003.??.??"]
[Round "4"]
[White "Ippolito, Manuel"]
[Black "Luminais, Eric"]
[Result "1/2-1/2"]
[WhiteElo "2239"]
[BlackElo "2170"]
[PlyCount "98"]
[EventDate "2003.02.14"]
[EventType "swiss"]
[EventRounds "6"]
[EventCountry "FRA"]
[SourceTitle "EXT 2004"]
[Source "ChessBase"]
[SourceDate "2003.11.25"]
[SourceVersion "1"]
[SourceVersionDate "2003.11.25"]
[SourceQuality "1"]

1. e4 c5 2. Nf3 e6 3. d4 cxd4 4. Nxd4 Nf6 5. Nc3 d6 6. Be3 a6 7. Qd2 b5 8. f3 Nbd7 9. g4 Nb6 10. Qf2 Nfd7 11. 0-0-0 Bb7 12. Bd3 Rc8 13. Kb1 Rxc3 14. bxc3 Na4 15. Qe1 Qc7 16. Bd2 Be7 17. f4 0-0 18. g5 Rc8 19. Nb3 Ndb6 20. Ka1 d5 21. e5 Ba3 22. Rb1 Nc4 23. Bxc4 dxc4 24. Nd4 Bxh1 25. Qxh1 b4 26. Qf3 Rd8 27. Be1 g6 28. Qc6 Qd7 29. Qxd7 Rxd7 30. Ne2 bxc3 31. Nxc3 Nxc3 32. Bxc3 h5 33. gxh6 Kh7 34. Bb4 Bxb4 35. Rxb4 Rd4 36. Ra4 Kxh6 37. Rxa6 Rxf4 38. a4 Re4 39. Ra7 Kg7 40. Ra5 c3 41. Ka2 Rb4 42. Ka3 Rb2 43. Rc5 Rxc2 44. a5 Rxh2 45. Rxc3 Re2 46. Rc5 Re1 47. Ka4 f5 48. exf6+ Kxf6 49. a6 Ra1+ 1/2-1/2

[Event "Paris Department-ch"]
[Site "Paris"]
[Date "2003.??.??"]
[Round "3"]
[White "Luminais, Eric"]
[Black "Boukobza, Adrien"]
[Result "1-0"]
[WhiteElo "2170"]
[BlackElo "2089"]
[PlyCount "49"]
[EventDate "2003.02.14"]
[EventType "swiss"]
[EventRounds "6"]
[EventCountry "FRA"]
[SourceTitle "EXT 2004"]
[Source "ChessBase"]
[SourceDate "2003.11.25"]
[SourceVersion "1"]
[SourceVersionDate "2003.11.25"]
[SourceQuality "1"]

1. e4 e6 2. d3 d5 3. Nd2 Nf6 4. Ngf3 c5 5. g3 Nc6 6. Bg2 Be7 7. 0-0 b6 8. Re1 Bb7 9. c3 Qc7 10. a3 0-0-0 11. b4 h6 12. b5 Nb8 13. e5 Nfd7 14. d4 g5 15. Nf1 g4 16. Nh4 Bxh4 17. gxh4 Rdg8 18. a4 Qd8 19. a5 Qxh4 20. axb6 axb6 21. Ra7 Qd8 22. Ne3 h5 23. Nc4 dxc4 24. Bxb7+ Kc7 25. Ba6# 1-0

[Event "FRA-ch Accession"]
[Site "Narbonne "]
[Date "1997.??.??"]
[Round "6"]
[White "Luminais, Eric"]
[Black "Boudre, Jean Pierre"]
[Result "0-1"]
[WhiteElo "2255"]
[BlackElo "2385"]
[PlyCount "44"]
[EventDate "1997.08.??"]
[EventType "swiss"]
[EventRounds "11"]
[EventCountry "FRA"]
[SourceTitle "EXT 2021"]
[Source "ChessBase"]
[SourceDate "2020.10.23"]
[SourceVersion "1"]
[SourceVersionDate "2020.10.23"]
[SourceQuality "1"]

1. e4 d5 2. exd5 Qxd5 3. Nc3 Qa5 4. d4 Nf6 5. Bc4 Bg4 6. f3 Bf5 7. Nge2 Nc6 8. Bb5 e6 9. Bd2 0-0-0 10. Bxc6 bxc6 11. a3 Qa6 12. Qc1 c5 13. dxc5 Bxc5 14. b4 Bd4 15. Nxd4 Rxd4 16. Ne2 Rc4 17. c3 Nd5 18. Qb2 e5 19. 0-0 Bd3 20. Rfe1 Qb6+ 21. Kh1 Qf2 22. Nc1 Bf1 0-1

[Event "Torcy op-A"]
[Site "Torcy"]
[Date "1991.??.??"]
[Round "?"]
[White "L'Hoste, F."]
[Black "Luminais, Eric"]
[Result "1/2-1/2"]
[WhiteElo "2010"]
[BlackElo "2150"]
[PlyCount "92"]
[EventDate "1991.04.??"]
[EventType "swiss"]
[EventRounds "9"]
[EventCountry "FRA"]
[SourceTitle "TD"]
[Source "ChessBase"]
[SourceDate "1994.03.01"]
[SourceVersion "1"]
[SourceVersionDate "1994.03.01"]
[SourceQuality "1"]

1. e4 c5 2. Nf3 e6 3. d4 cxd4 4. Nxd4 Nf6 5. Nc3 d6 6. Be3 Be7 7. f3 a6 8. Qd2 Nc6 9. 0-0-0 0-0 10. g4 Nxd4 11. Bxd4 b5 12. Kb1 Qc7 13. h4 b4 14. Ne2 e5 15. Bf2 Rb8 16. Ng3 Rd8 17. g5 Nd7 18. Nf5 Bf8 19. h5 Nb6 20. Bxb6 Rxb6 21. Ne3 Be6 22. Bh3 a5 23. g6 Rb5 24. gxh7+ Kxh7 25. Bxe6 fxe6 26. h6 g6 27. Ng4 Qf7 28. Rdg1 Be7 29. Qe2 Rdb8 30. Rg2 a4 31. Rhg1 b3 32. cxb3 axb3 33. a3 Rc5 34. Ne3 Rbc8 35. Qd3 Rb8 36. Nf5 gxf5 37. exf5 Qxf5 38. Qxf5+ exf5 39. Rg7+ Kxh6 40. Rxe7 Rd5 41. Re6+ Kh7 42. Re7+ Kh6 43. Re6+ Kh7 44. Re7+ Kh6 45. Re6+ Kh5 46. Re7 Kh6 1/2-1/2